Normale Ansicht MARC-Ansicht ISBD

Narodnoe chozjajstvo SSSR v 1961 godu : (Titelsatznr. 30939)

[ MARC ]
MARC-Details
000 -Satzkennung
Kontrollfeld mit fester Länge 00579nam a22002051c 4500
001 - Kontrollnummer
Kontrollfeld a987682091
008 - Feld mit fester Länge zur physischen Beschreibung - Allgemeine Angaben
Kontrollfeld mit fester Länge 051003s1962 gw |||| 000u rus d
041 ## - Sprachcode
Sprachcode des Textes/der Tonspur oder des separaten Titels rus
040 ## - Katalogisierungsquelle
Übertragungsstelle RU-10907106
003 - Kontrollnummer Identifier
Kontrollfeld RU-10907106
245 00 - Titel
Titel Narodnoe chozjajstvo SSSR v 1961 godu :
Zusatz zum Titel Stat. ežegodnik
264 ## - Produktion, Veröffentlichung, Distribution, Herstellung und Urheberrechtsvermerk
Herstellungs-, Veröffentlichungs- Vertriebs-, Erzeugungsort Moskva :
Produzent, Herausgeber, Distributor, Hersteller Gosstatizdat CRU SSSR,
Datum der Herstellung, der Veröffentlichung, des Vertriebs oder des Urheberschutzvermerks 1962
648 #0 - Nebeneintragung unter einem Schlagwort - Zeitschlagwort
Zeitschlagwort 1961
650 #0 - Nebeneintragung unter einem Schlagwort - Sachschlagwort
Sachschlagwort oder geografischer Name als Eintragungselement Wirtschaft
650 #0 - Nebeneintragung unter einem Schlagwort - Sachschlagwort
Sachschlagwort oder geografischer Name als Eintragungselement Statistik
651 #0 - Nebeneintragung unter einem Schlagwort - Geografischer Name
Geografischer Name Sowjetunion
700 1# - Nebeneintragung - Personenname
Personenname Genin, S. Ja.
Funktionsbezeichnung HerausgeberIn
710 2# - Nebeneintragung - Körperschaftsname
Körperschafts- oder Gebietskörperschaftsname als Eintragungselement Central'noe statističeskoe upravlenie pri Sovete ministrov SSSR
942 ## - Zusätzliche Felder (Koha)
Koha-Medientyp Monographien
Exemplare
Ausgeschieden Verloren Klassifikation oder Aufstellungssystematik Beschädigt Nicht entleihbar Heimatbibliothek Aufenthaltsbibliothek Aufstellungsort Erwerbungsdatum Inventarnummer Signatur Barcode Letzte Aktivität Preis gültig von Koha-Medientyp
    Andere/Generische Klassifikation     MWN Osteuropa MWN Osteuropa Magazin - 2 03/10/2005 05-03728 R 64 q Nar 1 (1961) E0040150790EBE81 23/02/2021 22/03/2021 Monographien